| 000 | 00766cab a2200229 4500 | ||
|---|---|---|---|
| 001 | WB3037-27 | ||
| 008 | 090401t1994 xxu||||| |||| 00| 0 eng d | ||
| 035 | _a(Sirsi) u61903 | ||
| 041 | _aeng | ||
| 245 | _aTask force for noisy neighbours | ||
| 260 | _c1994 | ||
| 350 | _a0 | ||
| 490 |
_aDaily Telegraph _v4 October 1994, 2 |
||
| 490 |
_aPlanning Week _v6 October 1994, 2(2) |
||
| 520 | _aThe government has drawn up new measures to make it easier to prosecute noisy neighbours and have issued guidance on how to take steps to minimise the noise from road and rail developments. | ||
| 650 | _aNOISE POLLUTION | ||
| 650 | _aPLANNING POLICY GUIDANCE | ||
| 650 | _aPPG | ||
| 690 | _aENVIRONMENTAL AND LAND CONSULTANCY | ||
| 942 | _n0 | ||
| 948 | _c04/03/1997 | ||
| 999 |
_c38400 _d38400 |
||